| 000 | 01040cam a2200301 a 4500 | ||
|---|---|---|---|
| 999 |
_c4143 _d4143 |
||
| 001 | 50043152 | ||
| 003 | OCoLC | ||
| 005 | 20181129115721.0 | ||
| 008 | 020530r20021970miu 000 0 eng | ||
| 010 | _a2002008299 | ||
| 020 | _a0310247632 | ||
| 020 | _a9780310247630 | ||
| 035 | _a(OCoLC)50043152 | ||
| 040 |
_aDLC _cDLC _dBAKER _dBTCTA _dYDXCP _dHNW _dEMC _dATH |
||
| 050 | 0 | 0 |
_aBV705 _b.P33 2002 |
| 050 | 0 | 0 |
_aBV705 _b.P33 2002 |
| 082 |
_a254 _bP263S |
||
| 100 | 1 |
_aParrott, Leslie, _d1922- |
|
| 240 | 1 | 0 | _aUsher's manual |
| 245 | 1 | 0 |
_aServing as a church usher / _cLeslie Parrott. |
| 260 |
_aGrand Rapids, Mich. : _bZondervan, _cc2002. |
||
| 300 |
_a74 p. ; _c21 cm. |
||
| 490 | 0 | _aZondervan practical ministry guides | |
| 500 | _aOriginally published: The usher's manual. Grand Rapids : Zondervan, 1970. | ||
| 505 | 0 | _aThe ministry of ushering -- The functions of an usher -- An usher's standard of excellence -- The authority and responsibility of ushers -- Ushers as greeters. | |
| 650 | 0 | _aChurch ushers. | |
| 942 |
_2ddc _cBK |
||